| 000 | 00824nam a22002537a 4500 | ||
|---|---|---|---|
| 001 | 30299 | ||
| 003 | UA-OsUOA | ||
| 005 | 20191218143017.0 | ||
| 007 | ta | ||
| 008 | 20041109b un ||||| |||| 00| 0 ukr d | ||
| 040 |
_aUA-OsUOA _bukr _cUA-OsUOA _dUA-OsUOA |
||
| 041 | _aukr | ||
| 044 | _aCA | ||
| 080 | _a929:001 | ||
| 090 |
_a929:001 _bД66 |
||
| 100 | _aДучимінська О. | ||
| 245 |
_aВіктор Доманицький _cО. Дучимінська; ред. М. І. Мандрик |
||
| 260 |
_aВінніпег _bУкраїнська Вільна Академія Наук _c1964 |
||
| 300 |
_a83 с. _bІлюстрації |
||
| 650 | 7 |
_a9 Географія. Біографії. Історія _2UDC |
|
| 942 |
_cBK _2udc |
||
| 955 | _a1 | ||
| 999 |
_c316709 _d316709 |
||